| 000 | 00451nam a2200181Ia 4500 | ||
|---|---|---|---|
| 001 | 21189 | ||
| 005 | 20260306172901.0 | ||
| 008 | 260306t1996||||xx |||||||||||||| ||spa|| | ||
| 041 | _aESP | ||
| 082 |
_a344.04196 _bG69 |
||
| 100 |
_aGonzales Mantilla, Gorki _eAUT |
||
| 245 | 0 | _aLa consideración jurídica del embrión in vitro | |
| 260 | _c1996 | ||
| 300 |
_a98 páginas : _ccm. |
||
| 650 | _aGEN | ||
| 654 | _aCDE | ||
| 942 |
_cLIB _dJUS _fJUS _2ddc _n |
||
| 999 |
_c21189 _d21189 |
||